[Event "SR 2. liga A 2005/2006"]
[Site "?"]
[Date "2006.02.11"]
[Round "48.3"]
[White "Bednar, Jan"]
[Black "Gasa, Andrej"]
[Result "1-0"]
[WhiteElo "2146"]
[BlackElo "2212"]
[PlyCount "91"]
[EventDate "2005.??.??"]

1. e4 c5 2. Nf3 Nc6 3. d4 cxd4 4. Nxd4 Nf6 5. Nc3 e5 6. Ndb5 d6 7. Bg5 a6 8.
Na3 b5 9. Nd5 Be7 10. Bxf6 Bxf6 11. c3 O-O 12. Nc2 Bg5 13. a4 bxa4 14. Rxa4 a5
15. Bd3 Be6 16. O-O Bxd5 17. exd5 Ne7 18. Qh5 h6 19. h4 Bf6 20. Rg4 g6 21. Qxh6
Bg7 22. Qd2 f5 23. Ra4 Kh7 24. h5 Bh6 25. Qd1 Qe8 26. Ne3 e4 27. Bc2 gxh5 28.
b4 axb4 29. Rxa8 Qxa8 30. Qxh5 bxc3 31. Nxf5 Nxf5 32. Bxe4 Kg7 33. Bxf5 Qe8 34.
Qg4+ Kh8 35. Qh3 Rf6 36. Qxc3 Bg7 37. g4 Qe7 38. Kg2 Rh6 39. Qc8+ Bf8 40. Re1
Qf7 41. Re8 Kg7 42. Qc3+ Qf6 43. Qxf6+ Rxf6 44. Re6 Rxe6 45. Bxe6 Be7 46. f4
1-0

[Event "SR 2. liga A 2005/2006"]
[Site "?"]
[Date "2006.02.11"]
[Round "48.4"]
[White "Polasek, Filip"]
[Black "Lauf, Pavol"]
[Result "1/2-1/2"]
[WhiteElo "2068"]
[BlackElo "2116"]
[PlyCount "20"]
[EventDate "2005.??.??"]

1. e4 e6 2. d4 c5 3. Nf3 d5 4. exd5 exd5 5. dxc5 Bxc5 6. Bb5+ Nc6 7. O-O Nge7
8. Nc3 Bf5 9. Be3 Bxe3 10. fxe3 O-O 1/2-1/2

[Event "SR 2. liga A 2005/2006"]
[Site "?"]
[Date "2006.02.11"]
[Round "48.5"]
[White "Stefan, Oldrich"]
[Black "Hecko, Dusan"]
[Result "1/2-1/2"]
[WhiteElo "2080"]
[BlackElo "2122"]
[PlyCount "81"]
[EventDate "2005.??.??"]

{D79: Fianchetto Grünfeld: Symmetrical Variation (6 0-0 c6 7 cxd5 cxd5)} 1. d4
Nf6 2. Nf3 g6 3. g3 Bg7 4. Bg2 d5 5. c4 c6 6. cxd5 cxd5 7. O-O O-O 8. Ne5 Nc6
9. Nc3 e6 10. Nxc6 bxc6 11. Na4 Nd7 12. Be3 ({Kniz. Fritz} 12. Bf4 Ba6 13. Rc1
Qa5 14. b3 Rfc8 15. Bd6 Bb5 16. Nc3 Qb6 17. Bc5 Nxc5 18. dxc5 Qxc5 19. Nxd5 Qa3
20. Nc3 Bxc3 21. Rxc3 Qxa2 22. Bf3 Rd8 23. Qc1) 12... Ba6 13. Rc1 Rc8 14. Nc5
Nxc5 15. Rxc5 {Menacing} Qb6 16. b3 Rfd8 17. Qd2 Bf8 18. Rc2 Bb4 19. Qc1 Bb5
20. a4 Ba6 21. Qb2 Rd7 22. Bf4 Be7 23. Rb1 Rb7 24. Bf1 Kg7 (24... c5 25. Bg2
$11) 25. Bc1 Bf6 26. e3 (26. Be3 $5 $11 {stalo za uvahu}) 26... Bxf1 $17 27.
Kxf1 c5 28. Qa2 Rbc7 29. dxc5 Rxc5 30. Rxc5 Rxc5 31. Ba3 Rc6 32. Qe2 Qc7 33.
Qd1 Qb7 34. Bb2 e5 35. Ba1 (35. f4 Qd7 $15) 35... h5 36. Kg1 Kf8 (36... Qd7 37.
Qd3 $15) 37. Bb2 Rb6 (37... h4 38. gxh4 (38. Qxd5 $4 Rc1+ 39. Rxc1 Qxd5 $19)
38... Qd7 39. Rc1 $11) 38. Ba3+ Kg7 39. Bc5 Re6 40. b4 Be7 41. Bxe7 1/2-1/2

[Event "SR 2. liga A 2005/2006"]
[Site "?"]
[Date "2006.02.11"]
[Round "48.6"]
[White "Pagerka, Martin"]
[Black "Gettler, Daniel"]
[Result "0-1"]
[WhiteElo "1849"]
[BlackElo "1723"]
[PlyCount "74"]
[EventDate "2005.??.??"]

1. e4 c5 2. Nf3 e6 3. c4 g6 4. d4 Bg7 5. Be3 Nc6 6. Nc3 cxd4 7. Nxd4 Nge7 8.
Be2 O-O 9. O-O f5 10. exf5 gxf5 11. Nxc6 bxc6 12. Bd4 Bf6 13. Bf3 Ba6 14. Bxf6
Rxf6 15. Qd4 Rg6 16. Rfd1 d5 17. h3 Qc7 18. Qc5 Rc8 19. Ne2 e5 20. cxd5 cxd5
21. Bxd5+ Kg7 22. Qxc7 Rxc7 23. Ng3 f4 24. Ne4 Be2 25. Rdc1 Rxc1+ 26. Rxc1 Nxd5
27. Nd2 f3 28. g3 Nf4 29. Ne4 Nxh3+ 30. Kh1 Bd3 31. Nd2 Nxf2+ 32. Kg1 Nh3+ 33.
Kh1 Rf6 34. a3 e4 35. b4 e3 36. Nxf3 Be4 37. Kg2 Ng5 0-1

[Event "SR 2. liga A 2005/2006"]
[Site "?"]
[Date "2006.02.11"]
[Round "48.7"]
[White "Bury, Rastislav"]
[Black "Diviak, Rudolf"]
[Result "1-0"]
[WhiteElo "2076"]
[BlackElo "1959"]
[PlyCount "41"]
[EventDate "2005.??.??"]

1. g3 Nf6 2. Bg2 g6 3. Nf3 d6 4. O-O Bg7 5. c4 Nbd7 6. Nc3 c6 7. Rb1 O-O 8. b4
Qc7 9. Bb2 e5 10. d3 Ne8 11. Qb3 h6 12. e4 Kh7 13. Nh4 f5 14. exf5 gxf5 15. g4
Ndf6 16. gxf5 Qf7 17. Ne4 Qh5 18. Ng6 Rf7 19. Ng3 Qg5 20. Bc1 Qg4 21. h3 1-0

[Event "SR 2. liga A 2005/2006"]
[Site "?"]
[Date "2006.02.11"]
[Round "48.8"]
[White "Diviak, Rastislav"]
[Black "Macka, Oto"]
[Result "1-0"]
[WhiteElo "1937"]
[BlackElo "1956"]
[PlyCount "69"]
[EventDate "2005.??.??"]

1. e4 c5 2. Nf3 Nc6 3. d4 cxd4 4. Nxd4 Nf6 5. Nc3 e5 6. Ndb5 d6 7. Bg5 a6 8.
Na3 b5 9. Bxf6 gxf6 10. Nd5 Bg7 11. c3 f5 12. exf5 Bxf5 13. Nc2 O-O 14. Nce3
Be6 15. Bd3 f5 16. g3 Ne7 17. Be2 Ng6 18. a4 bxa4 19. Rxa4 a5 20. Nc4 Bd7 21.
Ra1 Bc6 22. O-O Kh8 23. Qd2 e4 24. Ra3 Ne5 25. Nf4 Nxc4 26. Bxc4 Qe7 27. Rfa1
a4 28. Ne6 Rf6 29. Nxg7 Qxg7 30. Bd5 Qb7 31. Qd4 Kg7 32. Rxa4 Rxa4 33. Rxa4 Kg6
34. Rb4 Qc8 35. Rc4 1-0

[Event "SR 2. liga A 2005/2006"]
[Site "?"]
[Date "2006.02.12"]
[Round "49.1"]
[White "Oprea, Erik"]
[Black "Rohacek, Miroslav"]
[Result "1/2-1/2"]
[WhiteElo "2144"]
[BlackElo "2247"]
[PlyCount "145"]
[EventDate "2005.??.??"]

1. b3 e5 2. e4 Bc5 3. d3 Nf6 4. Nc3 d5 5. Bb2 Nc6 6. a3 a5 7. Be2 Nd4 8. Nf3
Nxf3+ 9. Bxf3 c6 10. Qe2 O-O 11. g4 d4 12. Nb1 a4 13. b4 Be7 14. c4 dxc3 15.
Bxc3 Qd6 16. Ra2 Be6 17. Rd2 Nd7 18. h4 Bb3 19. Rb2 Rfd8 20. Nd2 Be6 21. Nf1
Nf8 22. Rd2 Ng6 23. Ne3 Nxh4 24. Nf5 Bxf5 25. gxf5 Bg5 26. Rd1 Rac8 27. Bg4
Ng2+ 28. Kf1 Nf4 29. Qf3 f6 30. Bd2 c5 31. Bxf4 Bxf4 32. b5 c4 33. Qh3 h6 34.
dxc4 Qc5 35. Rxd8+ Rxd8 36. Be2 Bc1 37. Kg2 Bg5 38. Rb1 Rd2 39. Qf3 Ra2 40. Rb4
Bc1 41. Rxa4 Rxa3 42. Rxa3 Qxa3 43. Qxa3 Bxa3 44. Bh5 Kf8 45. Kf1 Ke7 46. Ke2
Bc5 47. f3 Bg1 48. Kd3 b6 49. Bg6 Kd6 50. Bh5 Kc5 51. Kc3 Bf2 52. Kd3 Kb4 53.
Bf7 Bc5 54. Bh5 Kb3 55. Bf7 Kb2 56. Kd2 Bb4+ 57. Ke2 Kc2 58. Kf2 Kd3 59. Kg3
Ke3 60. Kg4 Bd2 61. Bd5 Kf2 62. Bf7 Be3 63. Bh5 Kg2 64. Kh4 Bf2+ 65. Kg4 Be3
66. Bf7 Kf2 67. Bd5 Kg2 68. f4 Bd4 69. fxe5 Bxe5 70. Kh5 Kg3 71. Bf7 Kf4 72.
Bd5 Kg3 73. Bf7 1/2-1/2

[Event "SR 2. liga A 2005/2006"]
[Site "?"]
[Date "2006.02.12"]
[Round "49.2"]
[White "Machalova, Veronika"]
[Black "Sturc, Gustav"]
[Result "0-1"]
[WhiteElo "2211"]
[BlackElo "2103"]
[PlyCount "96"]
[EventDate "2005.??.??"]

1. e4 e5 2. Nf3 Nc6 3. Bb5 a6 4. Ba4 d6 5. c3 f5 6. d3 Be7 7. Qe2 Nf6 8. O-O
O-O 9. Bb3+ Kh8 10. Ng5 Qe8 11. Ne6 Bxe6 12. Bxe6 f4 13. Nd2 g5 14. f3 Bd8 15.
Bb3 Qg6 16. Rd1 h5 17. Nf1 Nh7 18. h3 Bf6 19. Nh2 Bg7 20. Bd2 Nf6 21. Be1 Rad8
22. Bf2 Rfe8 23. Re1 Ne7 24. d4 Neg8 25. dxe5 dxe5 26. Ba4 b5 27. Bc2 Nh6 28.
a4 g4 29. hxg4 hxg4 30. fxg4 Nhxg4 31. Bd1 Nxh2 32. Kxh2 Bf8 33. Qf3 Re7 34.
Rh1 Rh7+ 35. Kg1 Rxh1+ 36. Kxh1 Nxe4 37. Qh3+ Kg7 38. Bh4 Be7 39. Bxe7 Nf2+ 40.
Kh2 Rxd1 41. Bf8+ Kg8 42. Rxd1 Nxh3 43. Rd8 Qg3+ 44. Kh1 Nf2+ 45. Kg1 Kf7 46.
Bc5 Ng4 47. Rd1 Qh2+ 48. Kf1 Qh1+ 0-1

[Event "SR 2. liga A 2005/2006"]
[Site "?"]
[Date "2006.02.12"]
[Round "49.4"]
[White "Federic, Pavol"]
[Black "Zamecnik, Frantisek"]
[Result "1-0"]
[WhiteElo "2183"]
[BlackElo "2101"]
[PlyCount "49"]
[EventDate "2005.??.??"]

1. e4 e5 2. Nf3 Nf6 3. Nc3 Nc6 4. d4 exd4 5. Nxd4 Be7 6. Nxc6 dxc6 7. Bd3 O-O
8. O-O h6 9. Bf4 Re8 10. Re1 Bc5 11. h3 Be6 12. Qf3 Bf8 13. Rad1 Qe7 14. e5 Nd5
15. Qe4 g6 16. Bd2 Nb4 17. Qf3 Nxd3 18. cxd3 Bg7 19. Qf4 Rad8 20. Ne4 g5 21.
Qg3 Bf5 22. Nxg5 Rxd3 23. Nf3 Red8 24. Bxh6 Bg6 25. Bg5 1-0

[Event "SR 2. liga A 2005/2006"]
[Site "?"]
[Date "2006.02.12"]
[Round "49.5"]
[White "Breja, Stanislav"]
[Black "Kleman, Miroslav"]
[Result "1-0"]
[WhiteElo "2091"]
[BlackElo "2177"]
[PlyCount "59"]
[EventDate "2005.??.??"]

1. e4 e5 2. Nf3 Nc6 3. Bb5 a6 4. Bxc6 bxc6 5. d4 exd4 6. Qxd4 Qf6 7. O-O Qxd4
8. Nxd4 Bc5 9. Nb3 Bb6 10. Nc3 Ne7 11. Bf4 Ng6 12. Bg3 d6 13. Na4 Ba7 14. c4
Rb8 15. c5 Rb4 16. Nc3 dxc5 17. Bxc7 O-O 18. Rab1 Re8 19. Bd6 Ne5 20. Bxc5 Bxc5
21. Nxc5 Nc4 22. Nd3 Rb7 23. Rfd1 Be6 24. b3 Na3 25. Rbc1 Nb5 26. Nc5 Rbe7 27.
Nxa6 f5 28. Nxb5 cxb5 29. Nc7 Rc8 30. Nxe6 1-0

[Event "SR 2. liga A 2005/2006"]
[Site "?"]
[Date "2006.02.12"]
[Round "49.6"]
[White "Machalova, Erika"]
[Black "Isa, Vlastimil"]
[Result "1-0"]
[WhiteElo "2056"]
[BlackElo "1974"]
[PlyCount "49"]
[EventDate "2005.??.??"]

1. d4 Nf6 2. Bg5 e6 3. Nf3 c5 4. c3 b6 5. e4 Be7 6. Nbd2 cxd4 7. cxd4 d6 8. Bd3
Nbd7 9. O-O Bb7 10. Rc1 Rc8 11. Qa4 Rxc1 12. Rxc1 Qb8 13. Bb5 a6 14. Bxa6 Qa8
15. Bb5 Qxa4 16. Bxa4 Kd8 17. e5 dxe5 18. dxe5 Nd5 19. Nc4 f6 20. Bd2 Nc5 21.
Bb5 Ne4 22. Nd4 Bc8 23. Nxb6 Bc5 24. Nxd5 Bxd4 25. Ba5+ 1-0

[Event "SR 2. liga A 2005/2006"]
[Site "?"]
[Date "2006.02.12"]
[Round "49.7"]
[White "Hricak, Vasil"]
[Black "Varga, David"]
[Result "0-1"]
[WhiteElo "2032"]
[BlackElo "2095"]
[PlyCount "62"]
[EventDate "2005.??.??"]

1. e4 e6 2. d4 d5 3. Nd2 Nf6 4. e5 Nfd7 5. Bd3 c5 6. c3 Nc6 7. Ne2 cxd4 8. cxd4
f6 9. exf6 Nxf6 10. O-O Bd6 11. Nf3 O-O 12. Bf4 Bxf4 13. Nxf4 Ne4 14. Ne2 Rxf3
15. gxf3 Ng5 16. Ng3 Nxd4 17. Be2 e5 18. Rc1 Qb6 19. b3 Bh3 20. Re1 Rf8 21. Rc3
e4 22. fxe4 Rxf2 23. Re3 Rf8 24. Kh1 Nc2 25. Qxd5+ Ne6 26. Nf5 Nxe3 27. Ne7+
Kh8 28. Qh5 Bg2+ 29. Kg1 Nc2+ 30. Kxg2 Qf2+ 31. Kh3 Nf4+ 0-1

[Event "SR 2. liga A 2005/2006"]
[Site "?"]
[Date "2006.02.12"]
[Round "49.8"]
[White "Helbich, Branislav"]
[Black "Prielozny, Marek"]
[Result "1-0"]
[WhiteElo "2070"]
[BlackElo "1954"]
[PlyCount "105"]
[EventDate "2005.??.??"]

1. e4 e6 2. d4 d5 3. exd5 exd5 4. Nf3 Bg4 5. Be3 Nc6 6. Nbd2 Bd6 7. c3 Nge7 8.
h3 Bh5 9. Bd3 Qd7 10. Qc2 Bg6 11. Nh4 Bxd3 12. Qxd3 h6 13. g4 g5 14. Ng2 O-O-O
15. O-O-O f5 16. f3 Rde8 17. Nb3 Rhf8 18. Rdf1 Rf7 19. Bd2 a6 20. h4 fxg4 21.
hxg5 hxg5 22. fxg4 Rxf1+ 23. Qxf1 Qxg4 24. Ne3 Qe4 25. Qh3+ Kb8 26. Re1 Qg6 27.
Qg2 Rd8 28. Nxd5 Nxd5 29. Qxd5 Bf4 30. Qg2 Bxd2+ 31. Nxd2 Qf5 32. Rg1 Rg8 33.
Qg4 Qd3 34. Qg3 Qxg3 35. Rxg3 g4 36. Ne4 Ne7 37. Nf6 Nf5 38. Rxg4 Rxg4 39. Nxg4
c6 40. Kd2 Kc7 41. Ne5 Kd6 42. Nc4+ Kd5 43. Ne3+ Nxe3 44. Kxe3 Kc4 45. Kd2 a5
46. b3+ Kd5 47. Kd3 b5 48. a3 Kd6 49. c4 a4 50. bxa4 bxa4 51. c5+ Kd5 52. Kc3
Ke4 53. Kc4 1-0

[Event "SR 2. liga A 2005/2006"]
[Site "?"]
[Date "2006.02.12"]
[Round "50.1"]
[White "Kubon, Kamil"]
[Black "Skreno, Vladimir"]
[Result "1/2-1/2"]
[WhiteElo "2062"]
[BlackElo "2176"]
[PlyCount "48"]
[EventDate "2005.??.??"]

1. Nf3 Nf6 2. d4 g6 3. c4 Bg7 4. Nc3 O-O 5. e4 d6 6. Be2 e5 7. d5 a5 8. O-O Na6
9. Bg5 h6 10. Bd2 Nc5 11. Qc2 Ne8 12. Be3 b6 13. Nd2 f5 14. f3 f4 15. Bf2 g5
16. g4 fxg3 17. hxg3 Nf6 18. Kg2 g4 19. a3 gxf3+ 20. Nxf3 Bg4 21. Nh4 Ncd7 22.
Be3 Kh7 23. Nf5 Rh8 24. Qd1 h5 1/2-1/2

[Event "SR 2. liga A 2005/2006"]
[Site "?"]
[Date "2006.02.12"]
[Round "50.2"]
[White "Bisco, Igor"]
[Black "Magyar, Frantisek"]
[Result "1-0"]
[WhiteElo "2110"]
[BlackElo "1990"]
[PlyCount "33"]
[EventDate "2005.??.??"]

1. e4 c5 2. Nf3 d6 3. d4 cxd4 4. Nxd4 Nf6 5. Nc3 a6 6. Bg5 e6 7. f4 Be7 8. Qf3
Qc7 9. O-O-O Nbd7 10. g4 b5 11. Bxf6 gxf6 12. g5 Bb7 13. Qh5 O-O 14. Bd3 Nc5
15. gxf6 Bxf6 16. e5 Nxd3+ 17. Rxd3 1-0

[Event "SR 2. liga A 2005/2006"]
[Site "?"]
[Date "2006.02.12"]
[Round "50.3"]
[White "Vrba, Michal"]
[Black "Cvicela, Anton"]
[Result "0-1"]
[WhiteElo "1957"]
[BlackElo "2186"]
[PlyCount "77"]
[EventDate "2005.??.??"]

1. e4 c5 2. Nf3 Nf6 3. Nc3 Nc6 4. Be2 d5 5. exd5 Nxd5 6. Nxd5 Qxd5 7. O-O g6 8.
b3 Bg7 9. Rb1 O-O 10. Bb2 e5 11. Bc4 Qd6 12. h3 b6 13. Re1 Bb7 14. Ng5 Na5 15.
Bf1 Rad8 16. d3 f5 17. Qe2 Rfe8 18. Ba1 Nc6 19. Nf3 Nb4 20. a3 Nd5 21. g3 e4
22. Nh4 Nc3 23. Bxc3 Bxc3 24. Red1 e3 25. f4 g5 26. Ng2 Qh6 27. Kh2 g4 28. Nh4
Qh5 29. hxg4 fxg4 30. Bg2 Bxg2 31. Kxg2 Qd5+ 32. Kh2 h5 33. Rh1 Bf6 34. Ng2 Qf3
35. Rbe1 Bc3 36. Nh4 Qf2+ 37. Qxf2 exf2 38. Rxe8+ Rxe8 39. Rf1 {time} 0-1

[Event "SR 2. liga A 2005/2006"]
[Site "?"]
[Date "2006.02.12"]
[Round "50.4"]
[White "Lahucky, Pavol"]
[Black "Lutter, Ladislav"]
[Result "1-0"]
[WhiteElo "2107"]
[BlackElo "1961"]
[PlyCount "83"]
[EventDate "2005.??.??"]

1. c4 c5 2. Nc3 Nc6 3. e4 g6 4. d3 Bg7 5. Be2 Nd4 6. Nf3 Nxe2 7. Qxe2 b6 8. Bd2
Bb7 9. O-O-O d6 10. h4 h6 11. g4 Qd7 12. Nh2 O-O-O 13. f4 e6 14. Rhf1 Ne7 15.
Rde1 Nc6 16. Nf3 Rhe8 17. h5 f5 18. hxg6 fxg4 19. Nh4 h5 20. Qh2 Bf6 21. Ne2
Qe7 22. Rh1 Qg7 23. Bc3 Nd4 24. Nxd4 cxd4 25. Bd2 Rh8 26. Qf2 Bxh4 27. Rxh4
Qxg6 28. Qxd4 Rh7 29. a4 Bc6 30. a5 b5 31. a6 Qf7 32. Kb1 Kb8 33. Ba5 Rd7 34.
cxb5 Ba8 35. b6 Qxf4 36. bxa7+ Rxa7 37. Qb6+ Rab7 38. axb7 Bxb7 39. Qd8+ Ka7
40. Bb6+ Ka6 41. Be3 Qxe3 42. Rxe3 1-0

[Event "SR 2. liga A 2005/2006"]
[Site "?"]
[Date "2006.02.12"]
[Round "50.5"]
[White "Kucera, Michal"]
[Black "Gajarsky, Roman"]
[Result "1-0"]
[WhiteElo "1988"]
[BlackElo "2052"]
[PlyCount "48"]
[EventDate "2005.??.??"]

1. e4 e5 2. Nf3 Nf6 3. Nxe5 d6 4. Nf3 Nxe4 5. Nc3 Nxc3 6. dxc3 Be6 7. Bf4 Be7
8. Bd3 Nc6 9. Qd2 h6 10. a3 a6 11. h3 Qd7 12. O-O-O d5 13. Nd4 Nxd4 14. cxd4
Qc6 15. Rhe1 O-O-O 16. Bf5 Rhe8 17. Bxe6+ fxe6 18. Qe3 Bd6 19. Rd3 Bxf4 20.
Qxf4 Qd6 21. Qe5 Rd7 22. Rde3 Rde7 23. Qh5 Qf4 24. Qe5 Qxf2 {
partia skoncila v 67. tahu, zbytok sa neda podla zapisov zrekonstruovat.} 1-0

[Event "SR 2. liga A 2005/2006"]
[Site "?"]
[Date "2006.02.12"]
[Round "50.6"]
[White "Slamena, Michal"]
[Black "Tomanek, Rafael"]
[Result "0-1"]
[WhiteElo "2063"]
[BlackElo "2000"]
[PlyCount "104"]
[EventDate "2005.??.??"]

1. d4 d5 2. Nf3 Nf6 3. Bf4 e6 4. Nbd2 c5 5. e3 Nc6 6. dxc5 Bxc5 7. Nb3 Bd6 8.
Bxd6 Qxd6 9. Be2 O-O 10. O-O Rd8 11. c4 b6 12. cxd5 Nxd5 13. e4 Nf4 14. Bb5 Bb7
15. Qxd6 Rxd6 16. e5 Rd5 17. Bxc6 Bxc6 18. Nbd4 Be8 19. Rad1 Rad8 20. Rfe1 g5
21. h3 Ng6 22. Rd2 h6 23. Nb3 Ba4 24. Rxd5 Rxd5 25. Nbd2 Bc6 26. g3 Rc5 27. Re3
Rc1+ 28. Ne1 Bd5 29. a3 Ne7 30. Kf1 Nc6 31. Ke2 Nd4+ 32. Kd3 Nf5 33. Re2 Rc7
34. g4 Ne7 35. Ne4 Bc4+ 36. Kd2 Rd7+ 37. Kc2 Bxe2 38. Nf6+ Kg7 39. Nxd7 Bf1 40.
f3 Bxh3 41. Kd3 Bf1+ 42. Ke4 Bb5 43. Nf6 Nd5 44. Nh5+ Kg6 45. Nc2 f5+ 46. gxf5+
Kxh5 47. fxe6 Ne7 48. Nd4 Be8 49. b4 Kg6 50. f4 gxf4 51. Kxf4 a6 52. Kg4 Bc6
0-1

[Event "SR 2. liga A 2005/2006"]
[Site "?"]
[Date "2006.02.12"]
[Round "50.7"]
[White "Nagy, Edmund"]
[Black "Peska, Juraj"]
[Result "1/2-1/2"]
[WhiteElo "1985"]
[BlackElo "2020"]
[PlyCount "69"]
[EventDate "2005.??.??"]

1. d4 Nf6 2. c4 e6 3. Nf3 b6 4. e3 Bb7 5. Bd3 Be7 6. O-O d5 7. cxd5 Nxd5 8. Nc3
Nxc3 9. bxc3 Nd7 10. e4 O-O 11. e5 c5 12. Be3 Rc8 13. a4 cxd4 14. cxd4 Nb8 15.
Qe2 Bb4 16. Ng5 h6 17. Nh7 Re8 18. Qg4 Kh8 19. Qh5 Rg8 20. Ng5 Rf8 21. Nxf7+
Rxf7 22. Qxf7 Qd5 23. Qg6 Kg8 24. Rac1 Rf8 25. Bc4 Qe4 26. Bxe6+ Kh8 27. Qg3
Be7 28. Rc7 Re8 29. Re1 g5 30. f3 Qg6 31. Qh3 Nc6 32. Rxb7 Nd8 33. Bf5 Qg7 34.
Rxa7 Nc6 35. Rb7 1/2-1/2

[Event "SR 2. liga A 2005/2006"]
[Site "?"]
[Date "2006.02.12"]
[Round "50.8"]
[White "Hertel, Ondrej"]
[Black "Priam, Stefan"]
[Result "1/2-1/2"]
[WhiteElo "1960"]
[BlackElo "1965"]
[PlyCount "133"]
[EventDate "2005.??.??"]

1. d4 Nf6 2. c4 g6 3. Nc3 Bg7 4. e4 d6 5. f3 O-O 6. Be3 Nbd7 7. Qd2 e5 8. d5 b6
9. Bd3 Nc5 10. b4 Nxd3+ 11. Qxd3 Nh5 12. Nge2 f5 13. O-O-O fxe4 14. fxe4 Nf4
15. Nxf4 exf4 16. Bd4 Bh6 17. Kb2 Bd7 18. e5 Bf5 19. Qe2 dxe5 20. Qxe5 g5 21.
Rhe1 Qd6 22. Qxd6 cxd6 23. Re7 Rfe8 24. Rde1 Rxe7 25. Rxe7 g4 26. Nb5 Bf8 27.
Rxa7 Re8 28. Nc3 Bd3 29. Rb7 Bxc4 30. Rxb6 Bf1 31. g3 f3 32. Rb7 Ba6 33. Ra7
Bc4 34. Rc7 Bd3 35. a4 Bh6 36. Nd1 Re2+ 37. Ka3 Bc2 38. Rc8+ Kf7 39. Rc7+ Kg6
40. Nf2 Bc1+ 41. Ka2 Bxa4+ 42. Kb1 Bh6 43. Rc8 Bd7 44. Rd8 Bf5+ 45. Ka1 Rd2 46.
Rxd6+ Kf7 47. Rf6+ Ke7 48. Rxf5 Rxd4 49. b5 Bg7 50. Kb1 Rb4+ 51. Kc1 Bf6 52. h3
gxh3 53. Nxh3 Rb3 54. Nf2 Bd4 55. Ne4 Re3 56. d6+ Ke6 57. Rf4 Ke5 58. d7 Bb6
59. Ng5 Re1+ 60. Kc2 Re2+ 61. Kb3 f2 62. Nf7+ Ke6 63. d8=Q Bxd8 64. Nxd8+ Kd7
65. Nc6 Re3+ 66. Kc4 Rxg3 67. Rxf2 1/2-1/2

[Event "SR 2. liga A 2005/2006"]
[Site "?"]
[Date "2006.02.12"]
[Round "51.1"]
[White "Petrik, Stanislav"]
[Black "Lanc, Alois"]
[Result "0-1"]
[WhiteElo "2246"]
[BlackElo "2419"]
[PlyCount "86"]
[EventDate "2005.??.??"]

1. e4 c5 2. Nf3 Nc6 3. Bb5 d6 4. O-O Bd7 5. Re1 a6 6. Bf1 Bg4 7. c3 Nf6 8. h3
Bh5 9. g4 Bg6 10. d3 e6 11. Nbd2 Be7 12. Nh4 Nd7 13. Nf5 exf5 14. exf5 Bxf5 15.
gxf5 O-O 16. Ne4 d5 17. Ng3 Nf6 18. Bf4 Bd6 19. Bg5 h6 20. Bh4 Be7 21. Bg2 Ne8
22. Bxe7 Nxe7 23. c4 Nf6 24. Qb3 Qd7 25. cxd5 Nexd5 26. Re5 Rad8 27. Qc4 b6 28.
d4 b5 29. Qxc5 Nf4 30. Rd1 Nxg2 31. Re7 Qd5 32. Qxd5 Nxd5 33. f6 gxf6 34. Re4
Ngf4 35. Nf5 Kh7 36. Kh2 Rg8 37. Ne3 Rge8 38. Nxd5 Nxd5 39. Rde1 Rxe4 40. Rxe4
f5 41. Re2 Kg6 42. a3 Nf4 43. Rd2 Rd5 0-1

[Event "SR 2. liga A 2005/2006"]
[Site "?"]
[Date "2006.02.12"]
[Round "51.2"]
[White "Szitkey, Milan"]
[Black "Biro, Karol"]
[Result "0-1"]
[WhiteElo "2220"]
[BlackElo "2172"]
[PlyCount "77"]
[EventDate "2005.??.??"]

1. e4 e6 2. d4 d5 3. Nd2 Nf6 4. e5 Nfd7 5. Bd3 c5 6. c3 Nc6 7. Ne2 cxd4 8. cxd4
f6 9. exf6 Nxf6 10. Nf3 Bd6 11. O-O O-O 12. Bf4 Nxd4 13. Nfxd4 e5 14. Be3 exd4
15. Bxd4 Ng4 16. f4 Qe7 17. Rf3 Nh6 18. Rg3 Rf7 19. Qc2 Nf5 20. Rc1 Nxd4 21.
Bxh7+ Kh8 22. Nxd4 Bxf4 23. Bg6 Rf8 24. Qd1 Be3+ 25. Kh1 Bxc1 26. Qxc1 Rf4 27.
Nf3 Rc4 28. Qd1 Bg4 29. h3 Rac8 30. Qxd5 Bxf3 31. Rxf3 R4c5 32. Qd2 Rc1+ 33.
Kh2 Qe5+ 34. g3 Re1 35. Rf2 Re3 36. Rg2 Rf8 37. Bb1 Qc5 38. a3 Re6 39. Qd3 {
time} 0-1

[Event "SR 2. liga A 2005/2006"]
[Site "?"]
[Date "2006.02.12"]
[Round "51.3"]
[White "Krajnak, Robert"]
[Black "Felcir, Jaroslav"]
[Result "1-0"]
[WhiteElo "2089"]
[BlackElo "2197"]
[PlyCount "51"]
[EventDate "2005.??.??"]

1. c4 e5 2. Nc3 c5 3. g3 Nc6 4. Bg2 d6 5. a3 f5 6. Rb1 a5 7. d3 h6 8. e3 Nf6 9.
Nge2 Be6 10. Nd5 Be7 11. O-O O-O 12. Bd2 Ra7 13. b4 axb4 14. axb4 Bxd5 15. cxd5
Nxb4 16. Bxb4 cxb4 17. Rxb4 g5 18. Qb3 Qd7 19. Rb1 Rb8 20. h3 Kg7 21. f4 Bd8
22. Kh2 Ba5 23. Rc4 b5 24. Rc6 Bd2 25. fxe5 dxe5 26. Qb2 1-0

[Event "SR 2. liga A 2005/2006"]
[Site "?"]
[Date "2006.02.12"]
[Round "51.4"]
[White "Miklas, Marian"]
[Black "Farkas, Vladimir"]
[Result "1/2-1/2"]
[WhiteElo "2191"]
[BlackElo "2061"]
[PlyCount "47"]
[EventDate "2005.??.??"]

1. c4 Nf6 2. Nc3 g6 3. g3 Bg7 4. Bg2 d6 5. Nf3 O-O 6. O-O e5 7. d4 Nc6 8. h3
Nd7 9. d5 Ne7 10. e4 h6 11. Ne1 f5 12. f3 Nf6 13. Be3 Bd7 14. Qd2 Kh7 15. Nd3
a6 16. Rae1 Qc8 17. Kh2 Rf7 18. g4 f4 19. Bf2 Ne8 20. h4 Bf6 21. Rh1 Qd8 22.
Kg1 c5 23. a4 a5 24. b3 1/2-1/2

[Event "SR 2. liga A 2005/2006"]
[Site "?"]
[Date "2006.02.12"]
[Round "51.5"]
[White "Goga, Frantisek"]
[Black "Minich, Peter"]
[Result "0-1"]
[WhiteElo "2019"]
[BlackElo "2197"]
[PlyCount "146"]
[EventDate "2005.??.??"]

1. e4 c6 2. d4 Nf6 3. Nc3 g6 4. Be3 Bg7 5. f3 d5 6. e5 Ng8 7. Qd2 h5 8. O-O-O
Nh6 9. Bd3 Bf5 10. Nge2 Bxd3 11. Qxd3 e6 12. h4 Nf5 13. Bg5 Bh6 14. Bxh6 Rxh6
15. g4 Ng7 16. Qd2 Rh8 17. Qg5 Na6 18. Qf6 Kf8 19. Nf4 Qxf6 20. exf6 Ne8 21. g5
Nd6 22. Nd3 Ke8 23. Ne2 Nb8 24. Rde1 Nf5 25. c3 Nd7 26. Nef4 Kd8 27. Ne5 Nxe5
28. Rxe5 Kd7 29. Nd3 Kd6 30. Ree1 Rac8 31. Kd2 Rc7 32. Ne5 Rf8 33. Nd3 Kd7 34.
Nc5+ Kc8 35. Rh2 Re8 36. Nd3 Nd6 37. b3 b6 38. Nf4 Kd7 39. Rhe2 c5 40. Nd3 cxd4
41. Ne5+ Kc8 42. cxd4 Nf5 43. Kd3 Nxh4 44. Rc2 Rxc2 45. Kxc2 Rf8 46. Kd3 Nf5
47. Rc1+ Kb7 48. a4 Nd6 49. Rc6 Nf5 50. b4 h4 51. b5 h3 52. Rc2 Rh8 53. Rh2 Nd6
54. Ng4 Rh5 55. Nh6 Rxg5 56. Rxh3 Rh5 57. Rxh5 gxh5 58. Ke2 a6 59. Kf2 axb5 60.
axb5 Kc7 61. Kg3 Kd7 62. Kh4 Ke8 63. Kxh5 Nxb5 64. Ng4 Nxd4 65. Ne5 b5 66. Kg4
b4 67. Nd3 b3 68. Kf4 Nc2 69. Nb2 Na3 70. Na4 Nc4 71. Nc3 b2 72. Nb1 e5+ 73.
Kf5 Kd7 0-1

[Event "SR 2. liga A 2005/2006"]
[Site "?"]
[Date "2006.02.12"]
[Round "51.6"]
[White "Lukac, Roman"]
[Black "Raczko, Peter"]
[Result "1/2-1/2"]
[WhiteElo "2153"]
[BlackElo "2041"]
[PlyCount "82"]
[EventDate "2005.??.??"]

1. e4 d6 2. d4 Nf6 3. Nc3 g6 4. f4 Bg7 5. Nf3 c5 6. Be3 Qa5 7. Qd2 cxd4 8. Nxd4
O-O 9. Bd3 Nc6 10. Nb3 Qh5 11. Bg1 e5 12. Ne2 exf4 13. Qxf4 Nd7 14. Ng3 Qe5 15.
Qxe5 Bxe5 16. O-O-O Nb4 17. Kb1 Nxd3 18. cxd3 b6 19. Ne2 Bb7 20. Nd2 f5 21. d4
Bg7 22. Nc3 fxe4 23. Ndxe4 Nf6 24. d5 Nxe4 25. Nxe4 Be5 26. Be3 Bc8 27. Ka1 Bg4
28. Rc1 Rac8 29. Bh6 Rxc1+ 30. Rxc1 Rc8 31. Rc6 Rxc6 32. dxc6 d5 33. Nc3 Be6
34. g3 a6 35. Bf4 Bxc3 36. bxc3 Kf7 37. h4 Kf6 38. Kb2 Kf5 39. a3 Ke4 40. Kc2
d4 41. cxd4 Kxd4 1/2-1/2

[Event "SR 2. liga A 2005/2006"]
[Site "?"]
[Date "2006.02.12"]
[Round "51.7"]
[White "Deak, Gabriel"]
[Black "Nicolini, Alexander"]
[Result "1/2-1/2"]
[WhiteElo "2038"]
[BlackElo "2153"]
[PlyCount "76"]
[EventDate "2005.??.??"]

1. d4 f5 2. Nf3 Nf6 3. Bg5 d5 4. e3 e6 5. Bd3 Be7 6. Nbd2 O-O 7. h4 b6 8. Qe2
a5 9. Ne5 c5 10. c3 Ne4 11. O-O-O Bf6 12. Ndf3 Ba6 13. Bf4 Bxd3 14. Rxd3 c4 15.
Rdd1 Qe8 16. Ng5 Bxe5 17. Bxe5 Nc6 18. Bh2 Qg6 19. f3 Nxg5 20. hxg5 Qxg5 21.
Bf4 Qg6 22. Rh3 Ra7 23. Rdh1 b5 24. Qf2 b4 25. Qh4 Kf7 26. Rg3 Qf6 27. Bg5 Qg6
28. Be7 Rxe7 29. Rxg6 hxg6 30. e4 Rb8 31. exd5 exd5 32. Re1 Reb7 33. cxb4 Nxb4
34. Kd2 Nd3 35. Rb1 Rxb2+ 36. Rxb2 Rxb2+ 37. Kc3 Rxa2 38. Qd8 Nb4 1/2-1/2